Физические основы конструирования и технологии РЭА и ЭВА : (Record no. 391072)
[ view plain ]
| 000 -LEADER | |
|---|---|
| fixed length control field | 01145nam a2200205 a 4500 |
| 001 - CONTROL NUMBER | |
| control field | 000452140 |
| 003 - CONTROL NUMBER IDENTIFIER | |
| control field | AM-YeHGA |
| 005 - DATE AND TIME OF LATEST TRANSACTION | |
| control field | 20250617153428.0 |
| 008 - FIXED-LENGTH DATA ELEMENTS--GENERAL INFORMATION | |
| fixed length control field | 050913s1979 ||||||||||||||||||||rus d |
| 040 ## - CATALOGING SOURCE | |
| Original cataloging agency | AM-YeHGA |
| 041 0# - LANGUAGE CODE | |
| Language code of text/sound track or separate title | rus |
| 090 ## - LOCALLY ASSIGNED LC-TYPE CALL NUMBER (OCLC); LOCAL CALL NUMBER (RLIN) | |
| -- | 393085 |
| 100 1# - MAIN ENTRY--PERSONAL NAME | |
| Personal name | Епифанов, Георгий Иванович |
| 245 10 - TITLE STATEMENT | |
| Title | Физические основы конструирования и технологии РЭА и ЭВА : |
| Remainder of title | Учебное пособие для студентов вузов, обучающихся по спец. "Конструирование и пр-во электрон.-вычисл. аппаратуры" и "Конструирование и пр-во радиоаппаратуры" / |
| Statement of responsibility, etc. | Г.И. Епифанов, Ю.А. Мома. |
| 260 ## - PUBLICATION, DISTRIBUTION, ETC. | |
| Place of publication, distribution, etc. | Москва : |
| Name of publisher, distributor, etc. | Сов. радио, |
| Date of publication, distribution, etc. | 1979. |
| 300 ## - PHYSICAL DESCRIPTION | |
| Extent | 350 с. : |
| Other physical details | ил. |
| 504 ## - BIBLIOGRAPHY, ETC. NOTE | |
| Bibliography, etc. note | Библиогр.: с. 346. |
| 650 14 - SUBJECT ADDED ENTRY--TOPICAL TERM | |
| Topical term or geographic name entry element | Электронные элементы, использующие свойства твердого тела. Полупроводниковая электроника |
| 700 1# - ADDED ENTRY--PERSONAL NAME | |
| Personal name | Мома, Юрий Андреевич |
| Withdrawn status | Lost status | Source of classification or shelving scheme | Damaged status | Not for loan | Collection | Home library | Current library | Date acquired | Total checkouts | Full call number | Barcode | Date last seen | Price effective from | Koha item type | Public note |
|---|---|---|---|---|---|---|---|---|---|---|---|---|---|---|---|
| Universal Decimal Classification | General | Fundamental Scientific Library | Fundamental Scientific Library | 22/09/2017 | PII/441364 | FL0460611 | 22/09/2017 | 22/09/2017 | Գրքեր / Books | 30 Days Loan |
ՀՀ Գիտությունների ազգային ակադեմիայի հիմնարար գիտական գրադարան = Fundamental Scientific Library of NAS RA
All site content, except where otherwise noted, is licensed under a